=LDR 00000nam 2200000 4500 =001 INLIS00000000000058 =005 20260702043538 =020 ##$$a 978-623-4761-12-2 =082 ##$$a 297.092 =100 1#$$a Mallo, A.Saibani Indrayani =245 1 $$a Mbah Moen,Kh Maimun Zubair,Ulama Kharismatik Dan Bersahaja /$c A.Saibani Indrayani Mallo =300 ##$$a 24 ; 20 x 20 cm